Sams teach yourself ASP.NET in 24 hours (Record no. 6082)

000 -LEADER
fixed length control field 00582 a2200217 4500
020 ## - INTERNATIONAL STANDARD BOOK NUMBER
International Standard Book Number 0-672-32126-2
040 ## - CATALOGING SOURCE
Original cataloging agency DLC
Language of cataloging DLC
082 0# - DEWEY DECIMAL CLASSIFICATION NUMBER
Classification number 005.276
100 1# - MAIN ENTRY--PERSONAL NAME
Personal name Martin, Joe
245 00 - TITLE STATEMENT
Title Sams teach yourself ASP.NET in 24 hours
Statement of responsibility, etc. Joe Martin and Brett Tomson
260 ## - PUBLICATION, DISTRIBUTION, ETC.
Place of publication, distribution, etc. India :
Name of publisher, distributor, etc. Techmedia ;
Date of publication, distribution, etc. 2001
300 ## - PHYSICAL DESCRIPTION
Extent xv, 456 s.
Other physical details ill.
650 #7 - SUBJECT ADDED ENTRY--TOPICAL TERM
Topical term or geographic name entry element Internet programming
650 #7 - SUBJECT ADDED ENTRY--TOPICAL TERM
Topical term or geographic name entry element Web sites
General subdivision Design
650 #7 - SUBJECT ADDED ENTRY--TOPICAL TERM
Topical term or geographic name entry element Databehandling
650 #7 - SUBJECT ADDED ENTRY--TOPICAL TERM
Topical term or geographic name entry element Internet
650 #7 - SUBJECT ADDED ENTRY--TOPICAL TERM
Topical term or geographic name entry element Data processing
650 #7 - SUBJECT ADDED ENTRY--TOPICAL TERM
Topical term or geographic name entry element Computer networks
700 1# - ADDED ENTRY--PERSONAL NAME
Personal name Tomson, Brett
942 ## - ADDED ENTRY ELEMENTS (KOHA)
Koha item type Book
Call number prefix 005.276 MAR
Source of classification or shelving scheme
Holdings
Withdrawn status Lost status Damaged status Not for loan Collection code Permanent Location Current Location Shelving location Date acquired Source of acquisition Cost, normal purchase price Total Checkouts Full call number Barcode Date last seen Price effective from Koha item type
          Central Library (CL) Central Library (CL) First Floor - Software Engineering/ Programming Language 08/29/2003 Allied Book Company 291.00   005.276 MAR SEECS003770 11/14/2012 01/05/2017 Book
          Central Library (CL) Central Library (CL) First Floor - Software Engineering/ Programming Language 02/11/2002 Vanguard Books 351.00   005.276 MAR SEECS001772 11/14/2012 01/05/2017 Book
          Central Library (CL) Central Library (CL) First Floor - Software Engineering/ Programming Language 08/29/2003 Academic Book company 291.00   005.276 MAR SEECS003769 11/14/2012 01/05/2017 Book
          Central Library (CL) Central Library (CL) First Floor - Software Engineering/ Programming Language 08/19/2002 Vanguard Books 351.00   005.276 MAR SEECS002247 11/14/2012 01/05/2017 Book
© 2023 Central Library, National University of Sciences and Technology. All Rights Reserved.